[Event "Athens ChessSquare Celebration op"]
[Site "Athens"]
[Date "2015.11.25"]
[Round "3"]
[White "Nakas, Spyridon"]
[Black "Iatrou, Konstantinos"]
[Result "0-1"]
[WhiteElo "1843"]
[BlackElo "1472"]
[PlyCount "86"]
[EventDate "2015.11.07"]
[EventType "swiss"]
[EventRounds "7"]
[EventCountry "GRE"]
[SourceTitle "EXT 2024"]
[Source "ChessBase"]
[SourceDate "2023.10.10"]
[SourceVersion "1"]
[SourceVersionDate "2023.10.10"]
[SourceQuality "1"]

1. e4 c5 2. Nf3 d6 3. d4 cxd4 4. Nxd4 Nf6 5. Nc3 a6 6. Bc4 e6 7. Bb3 Be7 8. Qf3 Nbd7 9. Qg3 Ne5 10. h3 Bd7 11. f4 Ng6 12. Be3 Nxe4 13. Qf3 Bh4+ 14. Kd1 Nxc3+ 15. bxc3 Qc7 16. Kd2 Rc8 17. Ne2 Bf6 18. Bd4 Bxd4 19. cxd4 a5 20. a4 0-0 21. Rhg1 e5 22. f5 Nh4 23. Qe4 Nxf5 24. d5 Ng3 25. Nxg3 Qc3+ 26. Ke2 Qxg3 27. Raf1 b5 28. Rf3 Qg5 29. axb5 Bxb5+ 30. c4 Ba6 31. h4 Qd8 32. g4 a4 33. Ba2 Rb8 34. Bb1 g6 35. h5 Rb2+ 36. Bc2 Qb6 37. Rgf1 Qd4 38. Qxd4 exd4 39. Kd3 Rb4 40. Kxd4 Rxc4+ 41. Kd3 Rxg4+ 42. Kd2 Bxf1 43. Rxf1 a3 0-1

[Event "Mem Triantafylos Siaperas 11th"]
[Site "Athens"]
[Date "2015.01.10"]
[Round "1"]
[White "Iatrou, Konstantinos"]
[Black "Efthimiou, Georgios"]
[Result "1-0"]
[WhiteElo "1461"]
[BlackElo "1847"]
[PlyCount "88"]
[EventDate "2015.01.10"]
[EventType "swiss"]
[EventRounds "7"]
[EventCountry "GRE"]
[SourceTitle "EXT 2024"]
[Source "ChessBase"]
[SourceDate "2023.10.10"]
[SourceVersion "1"]
[SourceVersionDate "2023.10.10"]
[SourceQuality "1"]

1. e4 c6 2. d4 d5 3. exd5 cxd5 4. Bb5+ Bd7 5. Bxd7+ Nxd7 6. Nf3 Ngf6 7. 0-0 e6 8. Bg5 Be7 9. Nbd2 0-0 10. Re1 Rc8 11. c3 a6 12. h3 b5 13. a3 Re8 14. Ne5 Nxe5 15. dxe5 Nd7 16. Bxe7 Rxe7 17. Nf3 Nb6 18. Nd4 Rec7 19. f4 Na4 20. Rb1 Nc5 21. Nf3 Ne4 22. Nd2 Nxd2 23. Qxd2 a5 24. Rbc1 h6 25. Rf1 Rc4 26. f5 Qc7 27. fxe6 fxe6 28. Rce1 b4 29. axb4 axb4 30. cxb4 Rc2 31. Qd3 Qb6+ 32. Kh1 Qxb4 33. Qg6 Qe7 34. Rf3 Rc1 35. Rxc1 Rxc1+ 36. Kh2 Re1 37. Ra3 Rf1 38. Ra8+ Rf8 39. Ra6 Re8 40. Ra7 Qf8 41. Rxg7+ Qxg7 42. Qxe8+ Kh7 43. Qxe6 d4 44. Qd6 d3 1-0